| 000 | 00595cam a2200205ua 4500 | ||
|---|---|---|---|
| 003 | OSt | ||
| 008 | 250219b |||||||| |||| 00| 0 eng d | ||
| 020 | _a9 780875 53223 3 | ||
| 041 | _aeng | ||
| 082 |
_a628.161 _bEAT/ST |
||
| 100 |
_aEaton, Andrew D . _97176 |
||
| 245 | _aStandards methods for the examination of water and waste water / | ||
| 250 | _a19th ed. | ||
| 260 |
_aWashington : _bAmerican public health association , _c1995. |
||
| 300 | _a2056 ; . | ||
| 500 | _a** Reference | ||
| 700 | 1 |
_aClesceri, Lenore S . _97177 |
|
| 700 | 1 |
_aGrennberg, Arnold E . _97178 |
|
| 942 | _cBK | ||
| 999 |
_c10134 _d10134 |
||